Pharmacy in Public Health : (Record no. 17245)
[ view plain ]
| 000 -LEADER | |
|---|---|
| fixed length control field | 01769nam a22003375a 4500 |
| 001 - CONTROL NUMBER | |
| control field | 15870164 |
| 005 - DATE AND TIME OF LATEST TRANSACTION | |
| control field | 20150826113529.0 |
| 008 - FIXED-LENGTH DATA ELEMENTS--GENERAL INFORMATION | |
| fixed length control field | 090813s2010 mdua frb 001 0 eng |
| 010 ## - LIBRARY OF CONGRESS CONTROL NUMBER | |
| LC control number | 2009033465 |
| 020 ## - INTERNATIONAL STANDARD BOOK NUMBER | |
| International Standard Book Number | 1585281727 |
| 020 ## - INTERNATIONAL STANDARD BOOK NUMBER | |
| International Standard Book Number | 9781585281725 |
| 040 ## - CATALOGING SOURCE | |
| Original cataloging agency | EG-ScBUE |
| Language of cataloging | eng |
| Transcribing agency | EG-ScBUE |
| 082 04 - DEWEY DECIMAL CLASSIFICATION NUMBER | |
| Classification number | 615.1 |
| Item number | CAR |
| Edition number | 22 |
| 100 1# - MAIN ENTRY--PERSONAL NAME | |
| Personal name | Carter, Jean. |
| 9 (RLIN) | 32444 |
| 245 10 - TITLE STATEMENT | |
| Title | Pharmacy in Public Health : |
| Remainder of title | Basics and Beyond / |
| Statement of responsibility, etc | Jean Carter, Marion Slack. |
| 260 ## - PUBLICATION, DISTRIBUTION, ETC. (IMPRINT) | |
| Place of publication, distribution, etc | Bethesda, MD : |
| Name of publisher, distributor, etc | American Society of Health-System Pharmacists, |
| Date of publication, distribution, etc | c.2010. |
| 300 ## - PHYSICAL DESCRIPTION | |
| Extent | x, 390 p. : |
| Other physical details | ill. ; |
| Dimensions | 26 cm. |
| 500 ## - GENERAL NOTE | |
| General note | Index : p. 382-390. |
| 504 ## - BIBLIOGRAPHY, ETC. NOTE | |
| Bibliography, etc | Includes bibliographical references. |
| 505 0# - FORMATTED CONTENTS NOTE | |
| Formatted contents note | History of public health -- Public health at the local, state, national, and global Levels -- Role of law in public health -- Ethics and economics in public health -- Determinants of health -- Cultural competence in public health -- Health promotion -- Disease prevention -- Epidemiology and disease -- Describing populations -- Community health -- Tobacco control programs -- A community pharmacy influenza vaccination service -- A community health worker program for obesity prevention in a minority population -- Campus-based tuberculosis service -- Emergency preparedness planning and response -- Domestic violence prevention : improving services for perpetrators. |
| 590 ## - LOCAL NOTE (RLIN) | |
| Local note | Menna elamam |
| 650 #0 - SUBJECT ADDED ENTRY--TOPICAL TERM | |
| Topical term or geographic name as entry element | Pharmacy. |
| 9 (RLIN) | 32445 |
| Source of heading or term | BUEsh |
| 650 #0 - SUBJECT ADDED ENTRY--TOPICAL TERM | |
| Topical term or geographic name as entry element | Public health. |
| 9 (RLIN) | 12351 |
| Source of heading or term | BUEsh |
| 650 12 - SUBJECT ADDED ENTRY--TOPICAL TERM | |
| Topical term or geographic name as entry element | Community Pharmacy Services. |
| 9 (RLIN) | 32446 |
| Source of heading or term | BUEsh |
| 650 22 - SUBJECT ADDED ENTRY--TOPICAL TERM | |
| Topical term or geographic name as entry element | Public Health. |
| 9 (RLIN) | 12351 |
| Source of heading or term | BUEsh |
| 651 ## - SUBJECT ADDED ENTRY--GEOGRAPHIC NAME | |
| Source of heading or term | BUEsh |
| 653 ## - INDEX TERM--UNCONTROLLED | |
| Resource For college | Pharmacy |
| Arrived date list | August2015 |
| 700 1# - ADDED ENTRY--PERSONAL NAME | |
| Personal name | Slack, Marion. |
| 9 (RLIN) | 32447 |
| 710 2# - ADDED ENTRY--CORPORATE NAME | |
| Corporate name or jurisdiction name as entry element | American Society of Health-System Pharmacists. |
| 9 (RLIN) | 32448 |
| 942 ## - ADDED ENTRY ELEMENTS (KOHA) | |
| Source of classification or shelving scheme | Dewey Decimal Classification |
| Item type | Book - Borrowing |
| Call number prefix | 615.1 CAR |
| Withdrawn status | Item status | Source of classification or shelving scheme | Damaged status | Not for loan | Vendor | Home library | Current library | Shelving location | Date acquired | Source of acquisition | Cost, normal purchase price | Serial Enumeration / chronology | Total Checkouts | Full call number | Barcode | Date last seen | Date last borrowed | Koha item type |
|---|---|---|---|---|---|---|---|---|---|---|---|---|---|---|---|---|---|---|
| Dewey Decimal Classification | Central Library | Central Library | First floor | 06/02/2013 | 450.00 | 139 | 2 | 615.1 CAR | 000028015 | 15/07/2025 | 11/10/2018 | Book - Borrowing |